[Event "CHN-ch U14"]
[Site "Shanghai"]
[Date "2024.02.19"]
[Round "7"]
[White "Chen, Zhiyuan"]
[Black "Chen, Muxi"]
[Result "1-0"]
[WhiteElo "1613"]
[BlackElo "1834"]
[PlyCount "127"]
[EventDate "2024.02.16"]
[EventType "swiss"]
[EventRounds "11"]
[EventCountry "CHN"]
[SourceTitle "CB09_2024"]
[SourceDate "2024.02.28"]
[SourceVersion "1"]
[SourceVersionDate "2024.02.28"]
[SourceQuality "1"]

1. Nf3 c5 2. g3 Nc6 3. d4 cxd4 4. Nxd4 g6 5. c4 Bg7 6. Nc2 d6 7. Bg2 Be6 8. Ne3 Qd7 9. 0-0 Rc8 10. Qa4 h5 11. Rd1 b6 12. Na3 h4 13. Rb1 hxg3 14. hxg3 Nd4 15. Qxd7+ Bxd7 16. Rd2 Bc6 17. Nd5 e6 18. e3 exd5 19. cxd5 Bd7 20. exd4 Bf5 21. Ra1 a6 22. b3 b5 23. Bb2 Ne7 24. Re1 Kd7 25. Nb1 Bxb1 26. Rxb1 Rc7 27. Re1 Rh5 28. Rde2 Bf6 29. f4 Rh8 30. Rd2 Rcc8 31. Kf2 Nf5 32. Ree2 Rhe8 33. Bh3 Rh8 34. Kg2 Rce8 35. Rxe8 Rxe8 36. g4 Ne3+ 37. Kf3 g5 38. Re2 Nxd5 39. Rxe8 Kxe8 40. fxg5 Bxg5 41. Ke4 Ne7 42. d5 Kd7 43. Bf1 Kc7 44. Bd4 Kb7 45. a4 bxa4 46. bxa4 a5 47. Bb5 Bh4 48. Be3 f6 49. Be8 Bg5 50. Bf2 Bh6 51. Bd7 Bg5 52. Bb5 Bh6 53. Bd3 Bg5 54. Bg3 Kc7 55. Kd4 Nc8 56. Be1 Kb6 57. Bf5 Ne7 58. Be4 Nc8 59. Bg3 Kc7 60. Kc4 Kb6 61. Bf5 Ne7 62. Bxd6 Nxf5 63. gxf5 Bc1 64. Bc5+ 1-0

[Event "CHN-ch U14"]
[Site "Shanghai"]
[Date "2024.02.19"]
[Round "8"]
[White "Yu, Shi"]
[Black "Chen, Zhiyuan"]
[Result "1-0"]
[WhiteElo "1705"]
[BlackElo "1613"]
[PlyCount "141"]
[EventDate "2024.02.16"]
[EventType "swiss"]
[EventRounds "11"]
[EventCountry "CHN"]
[SourceTitle "CB09_2024"]
[SourceDate "2024.02.28"]
[SourceVersion "1"]
[SourceVersionDate "2024.02.28"]
[SourceQuality "1"]

1. e4 c5 2. Nf3 d6 3. d4 cxd4 4. Nxd4 Nf6 5. Nc3 Nc6 6. Bg5 e6 7. Qd3 a6 8. Nxc6 bxc6 9. 0-0-0 Be7 10. Qg3 Qa5 11. Bd2 Rb8 12. Kb1 Qb6 13. Bc1 0-0 14. b3 e5 15. Bc4 Qc5 16. Bb2 Nh5 17. Qf3 Nf4 18. g3 Ne6 19. Na4 Qa7 20. Qe2 a5 21. Qd2 Rd8 22. Nc3 Ba6 23. Bxa6 Qxa6 24. f4 Nd4 25. Qd3 Qa7 26. Ne2 c5 27. Nc3 Rdc8 28. fxe5 dxe5 29. Nd5 Bf8 30. Qc4 h6 31. c3 Ne6 32. Rhf1 Rb7 33. Ne3 a4 34. Ng4 axb3 35. a3 Qb8 36. Rf5 g6 37. Rxe5 Bg7 38. Red5 h5 39. Ne3 Re8 40. Nf1 Qa7 41. Nd2 Qb6 42. Qd3 Rbe7 43. Nc4 Qa7 44. Nd6 Rb8 45. Nb5 Qb7 46. c4 Nc7 47. Rxc5 Bxb2 48. Kxb2 Ne6 49. Rd5 Qc6 50. Nd4 Nxd4 51. Qxd4 Qe6 52. e5 Qf5 53. Rd2 Rbe8 54. Rf2 Qc8 55. c5 Qb8 56. Re2 Qb5 57. Rd2 Qb7 58. Rd8 Qc6 59. Rxe8+ Rxe8 60. Qd5 Qa4 61. Rf2 Qa7 62. Rf3 Qc7 63. Qd6 Qa5 64. Rxb3 Re6 65. Rb8+ Kh7 66. Qd7 Kg7 67. Rb7 Kh6 68. Qd4 Kg7 69. Qf4 Qa8 70. Qxf7+ Kh6 71. h4 1-0

[Event "Tianjin Binhai Cup-B 3rd"]
[Site "Tianjin"]
[Date "2023.08.25"]
[Round "9"]
[White "Chen, Zhiyuan"]
[Black "Xu, Pengmo"]
[Result "0-1"]
[WhiteElo "1685"]
[BlackElo "1559"]
[PlyCount "78"]
[EventDate "2023.08.20"]
[EventType "swiss"]
[EventRounds "9"]
[EventCountry "CHN"]
[SourceTitle "EXT 2024"]
[Source "ChessBase"]
[SourceDate "2023.10.10"]
[SourceVersion "1"]
[SourceVersionDate "2023.10.10"]
[SourceQuality "1"]

1. c4 Nf6 2. d4 e6 3. Nf3 d5 4. g3 Bb4+ 5. Bd2 Be7 6. Bg2 0-0 7. 0-0 Nbd7 8. Bc3 c6 9. Nbd2 b6 10. b3 Bb7 11. Qc2 Qc7 12. e4 dxe4 13. Nxe4 Nxe4 14. Qxe4 Nf6 15. Qc2 b5 16. c5 Nd5 17. Bb2 Rfd8 18. Rfe1 a5 19. a3 Ba6 20. Ne5 Bb7 21. h4 Bf8 22. Bh3 Bc8 23. Qe4 Re8 24. Rad1 Bd7 25. Qf3 Re7 26. Kg2 Rae8 27. Kh2 f6 28. Nd3 g6 29. Re2 Bg7 30. Rde1 Qc8 31. Qg2 Qc7 32. Bg4 Bc8 33. Qh3 h5 34. Bxe6+ Rxe6 35. Rxe6 Rxe6 36. Rxe6 Qd7 37. b4 axb4 38. Nxb4 Nxb4 39. axb4 Qxe6 0-1

[Event "Wch U08"]
[Site "Santiago de Compostela"]
[Date "2018.11.13"]
[Round "9"]
[White "Finek, Vaclav"]
[Black "Chen, Zhiyuan"]
[Result "1-0"]
[WhiteElo "1942"]
[BlackElo "1459"]
[PlyCount "126"]
[EventDate "2018.11.04"]
[EventType "swiss"]
[EventRounds "11"]
[EventCountry "ESP"]
[SourceTitle "EXT 2022"]
[Source "ChessBase"]
[SourceDate "2021.10.06"]
[SourceVersion "1"]
[SourceVersionDate "2021.10.06"]
[SourceQuality "1"]

1. d4 Nf6 2. c4 g6 3. Nf3 Bg7 4. g3 0-0 5. Bg2 d5 6. cxd5 Nxd5 7. 0-0 Nb6 8. Nc3 Nc6 9. e3 Re8 10. d5 Ne5 11. Nd4 Bd7 12. Qe2 e6 13. dxe6 Bxe6 14. Nxe6 Rxe6 15. Rd1 Qe7 16. e4 f5 17. Nd5 Nxd5 18. Rxd5 Nc6 19. Qc4 fxe4 20. Bh3 Kh8 21. Bg5 Rf6 22. Bxf6 Qxf6 23. Qxe4 Qxb2 24. Re1 Rf8 25. Qe2 Qb6 26. Bg2 Bd4 27. Rf1 a6 28. h4 Nb4 29. Rd7 Qf6 30. Qe7 Qxe7 31. Rxe7 c5 32. Bxb7 Nd3 33. Bxa6 Ne5 34. a4 Nf3+ 35. Kh1 Nd2 36. Rd1 Rxf2 37. Re2 Rxe2 38. Bxe2 Nb3 39. Rb1 Nd2 40. Rb8+ Kg7 41. Kg2 c4 42. a5 Nb3 43. a6 Na5 44. Rc8 c3 45. Rxc3 Bb6 46. a7 Bxa7 47. Rc7+ Kf6 48. Rxa7 Nb3 49. Rxh7 Nd4 50. Bc4 Nf5 51. Rf7+ Ke5 52. Rxf5+ Kxf5 53. Kf3 Ke5 54. Kg4 Kf6 55. Bd3 Kg7 56. Kg5 Kh7 57. Bxg6+ Kg7 58. h5 Kh8 59. Kf6 Kg8 60. g4 Kh8 61. g5 Kg8 62. h6 Kh8 63. Bc2 Kg8 1-0

[Event "CHN-chT"]
[Site "Hangzhou"]
[Date "2018.06.22"]
[Round "5.8"]
[White "Sun, Yidi"]
[Black "Chen, Zhiyuan"]
[Result "1-0"]
[WhiteElo "1934"]
[BlackElo "1457"]
[PlyCount "61"]
[EventDate "2018.06.19"]
[EventType "team-swiss"]
[EventRounds "9"]
[EventCountry "CHN"]
[SourceTitle "CBM 185 Extra"]
[Source "ChessBase"]
[SourceDate "2018.07.29"]
[SourceVersion "1"]
[SourceVersionDate "2018.07.29"]
[SourceQuality "1"]
[WhiteTeam "Hangzhou Chess School"]
[BlackTeam "Shenzhen"]
[WhiteTeamCountry "CHN"]
[BlackTeamCountry "CHN"]

1. e4 c5 2. Nf3 d6 3. d4 cxd4 4. Nxd4 Nf6 5. Nc3 Nc6 6. g3 g6 7. Bg2 Bd7 8. 0-0 Bg7 9. Nde2 0-0 10. h3 Ne8 11. Be3 Nc7 12. Qd2 f5 13. Bh6 fxe4 14. Bxg7 Kxg7 15. Nxe4 Bf5 16. Rad1 Ne6 17. g4 Bxe4 18. Bxe4 Rc8 19. Bd5 Qd7 20. f4 Rfd8 21. f5 Nc7 22. fxg6 Ne5 23. gxh7 Nxd5 24. Qg5+ Kh8 25. Rxd5 Rxc2 26. Rxe5 Qc6 27. Rf7 Qb6+ 28. Kf1 Rc1+ 29. Nxc1 Qa6+ 30. Ne2 dxe5 31. Qg7# 1-0

[Event "CHN-chT"]
[Site "Hangzhou"]
[Date "2018.06.20"]
[Round "2.6"]
[White "Gao, Mingze"]
[Black "Chen, Zhiyuan"]
[Result "1/2-1/2"]
[WhiteElo "1933"]
[BlackElo "1457"]
[PlyCount "64"]
[EventDate "2018.06.19"]
[EventType "team-swiss"]
[EventRounds "9"]
[EventCountry "CHN"]
[SourceTitle "CBM 185 Extra"]
[Source "ChessBase"]
[SourceDate "2018.07.29"]
[SourceVersion "1"]
[SourceVersionDate "2018.07.29"]
[SourceQuality "1"]
[WhiteTeam "Hebei"]
[BlackTeam "Shenzhen"]
[WhiteTeamCountry "CHN"]
[BlackTeamCountry "CHN"]

1. e4 c5 2. Nf3 d6 3. d4 cxd4 4. Nxd4 Nf6 5. Nc3 Nc6 6. Bg5 e6 7. Qd2 Be7 8. 0-0-0 Nxd4 9. Qxd4 0-0 10. f4 Qa5 11. Kb1 h6 12. Bh4 e5 13. Qf2 exf4 14. Nd5 Nxd5 15. Rxd5 Bxh4 16. Qxh4 Qa4 17. Qxf4 Be6 18. b3 Qb4 19. Qxd6 Qxe4 20. Re5 Qf4 21. Bd3 Rfd8 22. Qc5 b6 23. Qe3 Qxe3 24. Rxe3 Rd4 25. Rf1 Rad8 26. Kb2 R8d6 27. a4 f6 28. Rfe1 Kf7 29. g3 f5 30. Re5 Kf6 31. Kc3 R4d5 32. Rxd5 Rxd5 1/2-1/2